[Event "Villa Ballester op 72nd"]
[Site "Villa Ballester"]
[Date "2023.01.21"]
[Round "4"]
[White "Cumpe, Lucas"]
[Black "Grillo, Juan Cruz"]
[Result "0-1"]
[WhiteElo "2114"]
[BlackElo "2051"]
[PlyCount "62"]
[EventDate "2023.01.18"]
[EventType "swiss"]
[EventRounds "9"]
[EventCountry "ARG"]
[SourceTitle "EXT 2024"]
[Source "ChessBase"]
[SourceDate "2023.10.10"]
[SourceVersion "1"]
[SourceVersionDate "2023.10.10"]
[SourceQuality "1"]

1. e4 e6 2. d4 d5 3. Nd2 dxe4 4. Nxe4 Nd7 5. Nf3 Ngf6 6. Nxf6+ Nxf6 7. c3 Be7 8. Bd3 0-0 9. Ne5 c5 10. Be3 Qc7 11. Qe2 Rd8 12. 0-0 Bd7 13. dxc5 Qxe5 14. f4 Qh5 15. Bd4 Bxc5 16. Bxh7+ Kxh7 17. Qxh5+ Nxh5 18. Bxc5 Bb5 19. Rf2 Rd3 20. Re1 g6 21. Bd4 Rd8 22. g4 Ng7 23. a3 a5 24. Bb6 Rd1 25. Rxd1 Rxd1+ 26. Kg2 Bc6+ 27. Kg3 Rd3+ 28. Kh4 f6 29. Bd4 e5 30. g5 Bd7 31. a4 Rh3# 0-1

[Event "Salliquelo U2200 4th"]
[Site "Salliquelo"]
[Date "2019.04.27"]
[Round "3.2"]
[White "Grillo, Juan Cruz"]
[Black "Silva, Lucas"]
[Result "0-1"]
[WhiteElo "2070"]
[BlackElo "2087"]
[PlyCount "110"]
[EventDate "2019.04.26"]
[EventType "swiss"]
[EventRounds "7"]
[EventCountry "ARG"]
[SourceTitle "EXT 2024"]
[Source "ChessBase"]
[SourceDate "2023.10.10"]
[SourceVersion "1"]
[SourceVersionDate "2023.10.10"]
[SourceQuality "1"]

1. e4 c5 2. Nf3 d6 3. c3 Nf6 4. d3 g6 5. g3 Bg7 6. Bg2 0-0 7. 0-0 Nc6 8. Re1 e5 9. Nbd2 Re8 10. a4 h6 11. Nc4 Be6 12. Nfd2 d5 13. exd5 Bxd5 14. Bxd5 Qxd5 15. Qf3 Rad8 16. Qxd5 Nxd5 17. Nb3 b6 18. Be3 f5 19. Rad1 g5 20. Bc1 Kh7 21. Na1 Kg6 22. Nc2 h5 23. Kg2 Bf6 24. N2e3 Nce7 25. Kg1 Nxe3 26. Bxe3 Nd5 27. Kf1 h4 28. a5 hxg3 29. hxg3 f4 30. Bc1 b5 31. Nd2 Rh8 32. Nf3 Kf5 33. g4+ Kxg4 34. Nxe5+ Bxe5 35. Rxe5 Kf3 36. Rxg5 Rh1+ 37. Rg1 Rdh8 38. c4 Nf6 39. cxb5 R8h2 40. Rd2 Ng4 41. b6 Rh7 42. Rc2 Nh2+ 43. Ke1 Rxg1+ 44. Kd2 Nf1+ 45. Kc3 axb6 46. axb6 Rb7 47. Kc4 Rxb6 48. Kxc5 Rgg6 49. Rc4 Rgc6+ 50. Kd4 Rd6+ 51. Kc3 Rbc6 52. b4 Ke2 53. b5 Rxd3+ 54. Kb4 Rxc4+ 55. Kxc4 Nd2+ 0-1

[Event "ARG-chT ART Semillero U21"]
[Site "Villa Martelli"]
[Date "2018.06.23"]
[Round "4.1"]
[White "Grillo, Juan Cruz"]
[Black "Aguero Arce, Matias"]
[Result "0-1"]
[WhiteElo "2103"]
[BlackElo "2177"]
[PlyCount "50"]
[EventDate "2018.06.02"]
[EventType "team-swiss"]
[EventRounds "6"]
[EventCountry "ARG"]
[SourceTitle "EXT 2019"]
[Source "ChessBase"]
[SourceDate "2018.10.10"]
[SourceVersion "1"]
[SourceVersionDate "2018.10.10"]
[SourceQuality "1"]
[WhiteTeam "Tres de Febrero Ajedrez U21"]
[BlackTeam "Republica Martelli U21"]
[WhiteTeamCountry "ARG"]
[BlackTeamCountry "ARG"]

1. e4 c5 2. Nf3 e6 3. d4 cxd4 4. Nxd4 a6 5. Nc3 Qc7 6. Be2 b5 7. 0-0 Bb7 8. Bf3 Nc6 9. Re1 Ne5 10. Bf4 d6 11. Qe2 Be7 12. Rad1 Nf6 13. a4 b4 14. Na2 Nxf3+ 15. Nxf3 Nxe4 16. Nxb4 Qb6 17. Nd2 Qxb4 18. Nxe4 d5 19. Qg4 dxe4 20. Qxg7 Rf8 21. Bh6 Qxa4 22. Qxh7 Rc8 23. Bxf8 Bxf8 24. c3 Qb5 25. Qh8 Bd5 0-1

[Event "ARG-chT ART Semillero U21"]
[Site "Villa Martelli"]
[Date "2017.06.03"]
[Round "4"]
[White "Grillo, Juan Cruz"]
[Black "Villegas, Franco"]
[Result "1/2-1/2"]
[WhiteElo "2070"]
[BlackElo "2317"]
[PlyCount "66"]
[EventDate "2017.05.13"]
[EventType "team-swiss"]
[EventRounds "7"]
[EventCountry "ARG"]
[SourceTitle "EXT 2018"]
[Source "ChessBase"]
[SourceDate "2017.10.13"]
[SourceVersion "1"]
[SourceVersionDate "2017.10.13"]
[SourceQuality "1"]
[WhiteTeam "Tres de Febrero Ajedrez U21"]
[BlackTeam "Obras AySa U21"]
[WhiteTeamCountry "ARG"]
[BlackTeamCountry "ARG"]

1. e4 c5 2. Nf3 Nc6 3. d4 cxd4 4. Nxd4 Qb6 5. Nb3 Nf6 6. Nc3 e6 7. Be3 Qc7 8. Bd3 Be7 9. 0-0 0-0 10. f4 d6 11. Qe2 a6 12. a4 b6 13. h3 Bb7 14. Qf2 Nd7 15. g4 Nb4 16. g5 f6 17. Nd4 Nc5 18. Qe2 d5 19. gxf6 gxf6 20. exd5 Nbxd3 21. cxd3 Kh8 22. Kh2 Rg8 23. b4 Nb3 24. Rab1 Nxd4 25. Bxd4 Qd7 26. Rg1 Bxd5 27. Nxd5 Qxd5 28. Qe4 Rgd8 29. Bxb6 Qxd3 30. Qxe6 Qd2+ 31. Kh1 Rg8 32. Qxe7 Qd5+ 33. Kh2 Qd2+ 1/2-1/2

[Event "ARG-chT ART Semillero U21"]
[Site "Villa Martelli"]
[Date "2017.05.13"]
[Round "1"]
[White "Grillo, Juan Cruz"]
[Black "Parisi, Thiago"]
[Result "1-0"]
[WhiteElo "2070"]
[BlackElo "1535"]
[PlyCount "89"]
[EventDate "2017.05.13"]
[EventType "team-swiss"]
[EventRounds "7"]
[EventCountry "ARG"]
[SourceTitle "EXT 2018"]
[Source "ChessBase"]
[SourceDate "2017.10.13"]
[SourceVersion "1"]
[SourceVersionDate "2017.10.13"]
[SourceQuality "1"]
[WhiteTeam "Tres de Febrero Ajedrez U21"]
[BlackTeam "San Isidro U21"]
[WhiteTeamCountry "ARG"]
[BlackTeamCountry "ARG"]

1. e4 e6 2. d4 d5 3. Nc3 Nf6 4. Bg5 Be7 5. e5 Nfd7 6. Be3 c5 7. Qg4 g6 8. Nf3 f5 9. exf6 Nxf6 10. Qh4 Ne4 11. Bb5+ Nc6 12. Qh6 Bf8 13. Qf4 Bd6 14. Ne5 Rf8 15. Nxc6 Bxf4 16. Nxd8+ Kxd8 17. Nxe4 a6 18. Nxc5 axb5 19. c3 Bxe3 20. fxe3 Ke7 21. Ke2 b6 22. Nd3 Bb7 23. a3 Ba6 24. Nb4 Bb7 25. Rhf1 Kd6 26. Nd3 Ba6 27. Rxf8 Rxf8 28. Rf1 Rxf1 29. Kxf1 b4 30. Ke2 b3 31. Kd2 Bb5 32. Nf4 Bf1 33. g4 h5 34. Nxg6 hxg4 35. Ke1 Bd3 36. Ne5 Bf5 37. Kf2 Ke7 38. Kg3 Kf6 39. Nxg4+ Kg5 40. h4+ Kg6 41. Ne5+ Kh5 42. a4 Kh6 43. Nd7 e5 44. Nxb6 exd4 45. exd4 1-0